[Event "Scottish op"]
[Site "Dunfermline"]
[Date "2025.07.12"]
[Round "8"]
[White "Saxton, Gavin"]
[Black "Winter, Kevin"]
[Result "1-0"]
[WhiteElo "1910"]
[BlackElo "1756"]
[PlyCount "39"]
[EventDate "2025.07.07"]
[EventType "swiss"]
[EventRounds "9"]
[EventCountry "SCO"]
[SourceTitle "CB29_2025"]
[SourceDate "2025.07.16"]
[SourceVersion "1"]
[SourceVersionDate "2025.07.16"]
[SourceQuality "1"]

1. e4 d6 2. d4 Nf6 3. Nc3 Nbd7 4. f4 e5 5. Nf3 exd4 6. Qxd4 c6 7. Bc4 d5 8. exd5 Bc5 9. Qd3 0-0 10. dxc6 bxc6 11. Ng5 Qe7+ 12. Qe2 Qd8 13. Be3 Bxe3 14. Qxe3 h6 15. Nge4 Re8 16. 0-0-0 Nxe4 17. Nxe4 Qe7 18. Rhe1 Bb7 19. Qc3 Nb6 20. Nd6 1-0

[Event "Scottish op"]
[Site "Dunfermline"]
[Date "2025.07.11"]
[Round "7"]
[White "Winter, Kevin"]
[Black "Robertson, Jim"]
[Result "1-0"]
[WhiteElo "1756"]
[BlackElo "1574"]
[PlyCount "93"]
[EventDate "2025.07.07"]
[EventType "swiss"]
[EventRounds "9"]
[EventCountry "SCO"]
[SourceTitle "CB29_2025"]
[SourceDate "2025.07.16"]
[SourceVersion "1"]
[SourceVersionDate "2025.07.16"]
[SourceQuality "1"]

1. e4 e6 2. d4 g6 3. Nc3 Bg7 4. f4 Ne7 5. Nf3 d6 6. Bd3 a6 7. 0-0 f5 8. e5 d5 9. Be3 b5 10. h4 Ng8 11. Bf2 h5 12. Ng5 Nh6 13. a4 b4 14. Na2 a5 15. c3 Qe7 16. cxb4 axb4 17. Qb3 Na6 18. Bb5+ Bd7 19. Rfc1 0-0 20. Bxa6 Rxa6 21. Qxb4 Qd8 22. b3 Rb6 23. Qc3 Rc6 24. Qa5 Rb6 25. Qc3 Rc6 26. Qd2 Re8 27. Rxc6 Bxc6 28. Nb4 Bd7 29. Nd3 Ng4 30. Nc5 Nxf2 31. Kxf2 Bc8 32. Qa5 Bf8 33. Rc1 Bxc5 34. Qxc5 Re7 35. b4 Bb7 36. b5 Qd7 37. a5 Qd8 38. a6 Ba8 39. Qb4 Re8 40. Rc5 Qb8 41. Qa5 c6 42. b6 Qd8 43. Qb4 Qb8 44. b7 Bxb7 45. Qxb7 Qxb7 46. axb7 Rb8 47. Rxc6 1-0

[Event "Scottish op"]
[Site "Dunfermline"]
[Date "2025.07.08"]
[Round "2"]
[White "Thompson, Connor"]
[Black "Winter, Kevin"]
[Result "0-1"]
[WhiteElo "1824"]
[BlackElo "1756"]
[PlyCount "88"]
[EventDate "2025.07.07"]
[EventType "swiss"]
[EventRounds "9"]
[EventCountry "SCO"]
[SourceTitle "CB29_2025"]
[SourceDate "2025.07.16"]
[SourceVersion "1"]
[SourceVersionDate "2025.07.16"]
[SourceQuality "1"]

1. e4 d5 2. exd5 Nf6 3. d4 Bg4 4. f3 Bf5 5. c4 e6 6. dxe6 Nc6 7. exf7+ Kxf7 8. Be3 Bb4+ 9. Nc3 Re8 10. Kf2 Rxe3 11. Kxe3 Bc2 12. Qxc2 Qxd4+ 13. Ke2 Re8+ 14. Ne4 Nxe4 15. fxe4 Rxe4+ 16. Qxe4 Qxe4+ 17. Kf2 Bc5+ 18. Kg3 g5 19. Nh3 Qh4+ 20. Kf3 Ne5+ 21. Ke2 Qxc4+ 22. Kd1 Qd4+ 23. Kc2 Qe4+ 24. Kd1 Qa4+ 25. b3 Qd4+ 26. Kc2 Qe4+ 27. Kd1 h6 28. Be2 Qd4+ 29. Kc2 Bb4 30. Rhf1+ Kg7 31. Rac1 Ba3 32. Rb1 Bb4 33. Rbc1 Qd2+ 34. Kb1 Qxe2 35. Rxc7+ Kg6 36. Rf2 Qd1+ 37. Rc1 Qd3+ 38. Rfc2 Ng4 39. Kb2 Qd4+ 40. Kb1 Ba3 41. Re1 Ne3 42. Rce2 Qd3+ 43. Ka1 Nc2+ 44. Rxc2 Qxc2 0-1

[Event "ENG-ch Seniors 65"]
[Site "Kenilworth"]
[Date "2025.04.28"]
[Round "7"]
[White "Winter, Kevin"]
[Black "Bray, David"]
[Result "1/2-1/2"]
[WhiteElo "1751"]
[BlackElo "1966"]
[PlyCount "23"]
[EventDate "2025.04.24"]
[EventType "swiss"]
[EventRounds "7"]
[EventCountry "ENG"]
[SourceTitle "CB18_2025"]
[SourceDate "2025.04.30"]
[SourceVersion "1"]
[SourceVersionDate "2025.04.30"]
[SourceQuality "1"]

1. e4 c5 2. Nc3 Nc6 3. Bb5 Nd4 4. Bc4 d6 5. Nf3 Nf6 6. Nxd4 cxd4 7. Nd5 Nxd5 8. Bxd5 g6 9. 0-0 Bg7 10. d3 0-0 11. Bg5 h6 12. Bd2 1/2-1/2

[Event "ENG-ch Seniors 65"]
[Site "Kenilworth"]
[Date "2025.04.24"]
[Round "1"]
[White "Winter, Kevin"]
[Black "Moore, John C"]
[Result "0-1"]
[WhiteElo "1751"]
[BlackElo "1938"]
[PlyCount "125"]
[EventDate "2025.04.24"]
[EventType "swiss"]
[EventRounds "7"]
[EventCountry "ENG"]
[SourceTitle "CB18_2025"]
[SourceDate "2025.04.30"]
[SourceVersion "1"]
[SourceVersionDate "2025.04.30"]
[SourceQuality "1"]

1. Nf3 Nf6 2. d4 d5 3. Bg5 e6 4. e3 Be7 5. Bd3 0-0 6. Nbd2 Nbd7 7. 0-0 c5 8. c3 b6 9. Qa4 a6 10. Ne5 b5 11. Qd1 Nxe5 12. dxe5 Nd7 13. Bf4 f6 14. Qh5 f5 15. Nf3 Bb7 16. Ng5 Bxg5 17. Bxg5 Qe8 18. Qxe8 Raxe8 19. f4 h6 20. Bh4 g5 21. Bf2 Bc6 22. Bc2 Rb8 23. b4 cxb4 24. cxb4 Nb6 25. Bb3 Rfc8 26. Rfd1 Be8 27. Rdc1 Nc4 28. Rd1 Bh5 29. Rd4 Na3 30. Rd2 Rc3 31. fxg5 hxg5 32. e4 fxe4 33. Bd4 Rc7 34. Bc5 Rbc8 35. h3 a5 36. Kh2 a4 37. Bd1 Nc4 38. Rd4 Bxd1 39. Raxd1 Nxe5 40. Bd6 Nc6 41. R4d2 Rd7 42. Bc5 Ne5 43. a3 Nd3 44. Be3 Rg7 45. Rf1 Rf8 46. Rfd1 Ne5 47. Bd4 Rf5 48. Rc2 Nc4 49. Bxg7 Kxg7 50. Rc3 Rf2 51. Rg3 Kf6 52. h4 gxh4 53. Rg8 Ke5 54. Rg5+ Kf4 55. Rg7 Ke3 56. Ra1 d4 57. Rg4 Kd3 58. Rxh4 e3 59. Rh3 Nd2 60. Kg1 Rf5 61. Rc1 Nb3 62. Rb1 Kd2 63. Rb2+ 0-1

[Event "Reykjavik op"]
[Site "Reykjavik"]
[Date "2025.04.15"]
[Round "9"]
[White "Wiesebach, Wolfgang"]
[Black "Winter, Kevin"]
[Result "1-0"]
[WhiteElo "1971"]
[BlackElo "1751"]
[PlyCount "149"]
[EventDate "2025.04.09"]
[EventType "swiss"]
[EventRounds "9"]
[EventCountry "ISL"]
[SourceTitle "CB17_2025"]
[SourceDate "2025.04.23"]
[SourceVersion "1"]
[SourceVersionDate "2025.04.23"]
[SourceQuality "1"]

1. d4 Nf6 2. Bf4 g6 3. e3 Bg7 4. h3 d6 5. c3 0-0 6. Nf3 c5 7. Be2 cxd4 8. exd4 Be6 9. 0-0 Qb6 10. Qc2 Nc6 11. Be3 Nd5 12. Qd2 Nxe3 13. fxe3 d5 14. Bd3 Bh6 15. Na3 Rac8 16. Nc2 a6 17. Rab1 Qc7 18. Qf2 Bg7 19. Rbe1 h6 20. Re2 f5 21. a3 Bf7 22. Nb4 Nxb4 23. axb4 e5 24. Nxe5 Bxe5 25. dxe5 Qxe5 26. Qf4 Qxf4 27. Rxf4 b5 28. Rd4 Be6 29. g3 Rf6 30. Rd2 Rff8 31. Bf1 Rfe8 32. Kf2 g5 33. Bg2 Rc4 34. Bxd5 Bxd5 35. Rxd5 f4 36. exf4 gxf4 37. g4 Kg7 38. R2d4 Rxd4 39. Rxd4 Re3 40. Rxf4 Rxh3 41. Kg2 Rd3 42. Rf3 Rd2+ 43. Kg3 Rxb2 44. Kf4 Rd2 45. Kf5 Re2 46. Rd3 Rf2+ 47. Ke4 Rf6 48. Rd5 Rc6 49. Rd3 Rc4+ 50. Kf5 Rc6 51. Rd7+ Kg8 52. Ra7 Rd6 53. Rc7 Rb6 54. Kf4 Rd6 55. Kg3 Re6 56. Kh4 Rd6 57. Kh5 Re6 58. g5 hxg5 59. Kxg5 Rd6 60. Kf5 Rh6 61. Ke5 Rh5+ 62. Kd6 Rh6+ 63. Kc5 Kf8 64. Rc6 Rh3 65. Kb6 Rh2 66. Kxa6 Rc2 67. Kxb5 Ke7 68. c4 Rh2 69. c5 Rh5 70. Kb6 Rh4 71. b5 Kd7 72. Rc7+ Kd8 73. c6 Ra4 74. Rh7 Rd4 75. c7+ 1-0

[Event "Reykjavik op"]
[Site "Reykjavik"]
[Date "2025.04.09"]
[Round "1"]
[White "Winter, Kevin"]
[Black "Benavente, Christian"]
[Result "0-1"]
[WhiteElo "1751"]
[BlackElo "1938"]
[PlyCount "108"]
[EventDate "2025.04.09"]
[EventType "swiss"]
[EventRounds "9"]
[EventCountry "ISL"]
[SourceTitle "CB17_2025"]
[SourceDate "2025.04.23"]
[SourceVersion "1"]
[SourceVersionDate "2025.04.23"]
[SourceQuality "1"]

1. e4 c6 2. d4 d5 3. e5 c5 4. dxc5 e6 5. Nf3 Bxc5 6. a3 Nc6 7. Bd3 Nge7 8. 0-0 Ng6 9. b4 Bb6 10. Bb2 f6 11. exf6 gxf6 12. Ng5 Qe7 13. Qh5 0-0 14. Nxh7 Qxh7 15. Qxg6+ Qxg6 16. Bxg6 e5 17. Nd2 Be6 18. Nb3 Rac8 19. Rac1 Ne7 20. Bh5 Rc7 21. Be2 Rfc8 22. Na1 Kg7 23. g3 Bf5 24. Bd1 Be4 25. Re1 a5 26. c4 Rxc4 27. Rxc4 Rxc4 28. Bb3 Rc8 29. Rc1 axb4 30. axb4 Rd8 31. Nc2 d4 32. Na3 d3 33. Rd1 Bf3 34. Rd2 e4 35. Nc4 Ba7 36. Ne3 Bd4 37. Bxd4 Rxd4 38. Bc4 b5 39. Bb3 Rxb4 40. Bd1 Rb1 41. g4 Kg6 42. h3 f5 43. Kh2 Bxd1 44. Nxd1 f4 45. Nc3 Re1 46. Rb2 e3 47. fxe3 fxe3 48. Rxb5 Rc1 49. Rb6+ Kf7 50. Ne4 e2 51. Ng5+ Ke8 52. Nf3 d2 53. Rb8+ Rc8 54. Rb1 d1Q 0-1

[Event "WchT Seniors 65"]
[Site "Prague"]
[Date "2025.02.18"]
[Round "2.48"]
[White "Koehler, Gerhard"]
[Black "Winter, Kevin"]
[Result "1/2-1/2"]
[WhiteElo "2215"]
[BlackElo "1747"]
[PlyCount "72"]
[EventDate "2025.02.17"]
[EventType "team-swiss"]
[EventRounds "9"]
[EventCountry "CZE"]
[SourceTitle "CB09_2025"]
[SourceDate "2025.02.27"]
[SourceVersion "1"]
[SourceVersionDate "2025.02.27"]
[SourceQuality "1"]
[WhiteTeam "Lasker Schachstiftung 65"]
[BlackTeam "England 65 IV"]
[WhiteTeamCountry "GER"]
[BlackTeamCountry "ENG"]

1. c4 e5 2. g3 Nc6 3. Bg2 g6 4. Nc3 Bg7 5. e3 Nge7 6. Nge2 0-0 7. 0-0 d6 8. d3 f5 9. Rb1 a5 10. a3 Bd7 11. b4 axb4 12. axb4 Qc8 13. Qb3 Kh8 14. Bd2 f4 15. exf4 Bh3 16. Nd5 Bxg2 17. Kxg2 exf4 18. Ndxf4 Nf5 19. c5 Ncd4 20. Qc4 Nxe2 21. Nxe2 dxc5 22. bxc5 Qd7 23. Bc3 Qc6+ 24. Qe4 Bxc3 25. Qxc6 bxc6 26. Nxc3 Ra3 27. Ne4 Rxd3 28. Rfd1 Rfd8 29. Rxd3 Rxd3 30. Rb7 Rd7 31. g4 Nd4 32. g5 Ne6 33. Kg3 Kg7 34. h4 h6 35. f3 hxg5 36. hxg5 Rd5 1/2-1/2

[Event "WchT Seniors 50"]
[Site "Krakow"]
[Date "2024.07.02"]
[Round "1.4"]
[White "Winter, Kevin"]
[Black "Fink Nunn, Petra"]
[Result "0-1"]
[WhiteElo "1736"]
[BlackElo "1947"]
[PlyCount "72"]
[EventDate "2024.07.02"]
[EventType "team-swiss"]
[EventRounds "9"]
[EventCountry "POL"]
[SourceTitle "CBM 221 Extra"]
[Source "ChessBase"]
[SourceDate "2024.09.30"]
[SourceVersion "1"]
[SourceVersionDate "2024.09.30"]
[SourceQuality "1"]
[WhiteTeam "England 50 IV"]
[BlackTeam "England 50 (W)"]
[WhiteTeamCountry "ENG"]
[BlackTeamCountry "ENG"]

1. e4 e5 2. Nf3 Nc6 3. Bc4 Nf6 4. Ng5 d5 5. exd5 Na5 6. Bb5+ Bd7 7. Qe2 Bd6 8. Bxd7+ Qxd7 9. Nc3 c6 10. dxc6 Nxc6 11. Nge4 Be7 12. d3 Nd4 13. Qd1 Nxe4 14. Nxe4 Qd5 15. 0-0 0-0 16. Bd2 Rac8 17. Nc3 Qc5 18. Rc1 Rc6 19. Re1 f5 20. b4 Qd6 21. Ne2 Rfc8 22. Nxd4 Qxd4 23. a3 Bf6 24. b5 R6c7 25. Bb4 Rd7 26. Qe2 Qd5 27. Rcd1 Qxb5 28. c4 Qa4 29. d4 e4 30. Qe3 Rxc4 31. Qf4 a5 32. Qxf5 Rcxd4 33. Rxd4 Rxd4 34. Qc8+ Rd8 35. Qe6+ Kh8 36. Be7 Qe8 0-1

[Event "Harrogate 4NCL op-B 31st"]
[Site "Harrogate"]
[Date "2024.01.21"]
[Round "4"]
[White "Wheeler, Tim"]
[Black "Winter, Kevin"]
[Result "1/2-1/2"]
[WhiteElo "1831"]
[BlackElo "1732"]
[PlyCount "54"]
[EventDate "2024.01.19"]
[EventType "swiss"]
[EventRounds "5"]
[EventCountry "ENG"]
[SourceTitle "CBM 218 Extra"]
[Source "ChessBase"]
[SourceDate "2024.03.31"]
[SourceVersion "1"]
[SourceVersionDate "2024.03.31"]
[SourceQuality "1"]

1. e4 d6 2. d4 Nf6 3. Nc3 Nbd7 4. f4 e5 5. Nf3 exd4 6. Qxd4 c6 7. Be3 d5 8. exd5 Bc5 9. Qd3 Qe7 10. Kd2 Qxe3+ 11. Qxe3+ Bxe3+ 12. Kxe3 cxd5 13. Kd4 0-0 14. a4 a6 15. Bd3 Nb8 16. Ne5 Rd8 17. h3 Nc6+ 18. Nxc6 bxc6 19. Kc5 d4 20. Ne4 Rd5+ 21. Kxc6 Be6 22. Nxf6+ gxf6 23. f5 Rc8+ 24. Kb7 Rdc5 25. Be4 Bd7 26. Kb6 Re5 27. Bb7 Rxc2 1/2-1/2

[Event "Harrogate 4NCL op-B 31st"]
[Site "Harrogate"]
[Date "2024.01.20"]
[Round "3"]
[White "Winter, Kevin"]
[Black "O'Gorman, Brendan"]
[Result "1/2-1/2"]
[WhiteElo "1732"]
[BlackElo "1843"]
[PlyCount "34"]
[EventDate "2024.01.19"]
[EventType "swiss"]
[EventRounds "5"]
[EventCountry "ENG"]
[SourceTitle "CBM 218 Extra"]
[Source "ChessBase"]
[SourceDate "2024.03.31"]
[SourceVersion "1"]
[SourceVersionDate "2024.03.31"]
[SourceQuality "1"]

1. e4 c5 2. Nc3 a6 3. g3 b5 4. Bg2 Bb7 5. Nge2 e6 6. 0-0 Nf6 7. d3 d5 8. exd5 Nxd5 9. Nxd5 Bxd5 10. Bxd5 Qxd5 11. Nf4 Qb7 12. Re1 Be7 13. Qg4 0-0 14. Bd2 Nc6 15. Bc3 Nd4 16. Bxd4 cxd4 17. Ng2 Bf6 1/2-1/2

[Event "Reykjavik op"]
[Site "Reykjavik"]
[Date "2023.04.03"]
[Round "8"]
[White "Winter, Kevin"]
[Black "Shirov Michna, Masza"]
[Result "0-1"]
[WhiteElo "1680"]
[BlackElo "1349"]
[PlyCount "92"]
[EventDate "2023.03.29"]
[EventType "swiss"]
[EventRounds "9"]
[EventCountry "ISL"]
[SourceTitle "EXT 2024"]
[Source "ChessBase"]
[SourceDate "2023.10.10"]
[SourceVersion "1"]
[SourceVersionDate "2023.10.10"]
[SourceQuality "1"]

1. d4 d5 2. Nf3 c6 3. Nc3 Nf6 4. Bf4 Bf5 5. e3 e6 6. a3 Be7 7. Be2 0-0 8. h3 Nbd7 9. 0-0 Rc8 10. Rb1 c5 11. Nh4 Bg6 12. Nxg6 hxg6 13. Qd2 cxd4 14. exd4 Qb6 15. Rfc1 a6 16. Be3 Qc6 17. Nd1 Ne4 18. Qe1 Bd6 19. c4 dxc4 20. Bxc4 Qa4 21. Bd3 Ndf6 22. Nc3 Nxc3 23. Rxc3 Nd5 24. Rxc8 Rxc8 25. Qd1 Qxd1+ 26. Rxd1 Bf4 27. Bxf4 Nxf4 28. Be4 Rc7 29. Rd2 Rd7 30. Kh2 e5 31. g3 Ne6 32. d5 Ng5 33. Bg2 f5 34. h4 Nh7 35. d6 e4 36. Bf1 Nf6 37. Bc4+ Kf8 38. Be6 Rd8 39. Kh3 Ne8 40. d7 Nc7 41. Bb3 Ke7 42. Kg2 Ne6 43. Rd5 Rxd7 44. Re5 Rd6 45. g4 Kf6 46. Rd5 Nf4+ 0-1

[Event "Reykjavik op"]
[Site "Reykjavik"]
[Date "2023.03.31"]
[Round "4"]
[White "Cramling Bellon, Anna"]
[Black "Winter, Kevin"]
[Result "1-0"]
[WhiteElo "2066"]
[BlackElo "1680"]
[PlyCount "63"]
[EventDate "2023.03.29"]
[EventType "swiss"]
[EventRounds "9"]
[EventCountry "ISL"]
[SourceTitle "CBM 213 Extra"]
[Source "ChessBase"]
[SourceDate "2023.05.31"]
[SourceVersion "1"]
[SourceVersionDate "2023.05.31"]
[SourceQuality "1"]

1. d4 d6 2. c4 g6 3. e4 Bg7 4. Nc3 e5 5. d5 f5 6. exf5 gxf5 7. Qh5+ Kf8 8. Bg5 Nf6 9. Qh4 h6 10. Bd2 Na6 11. 0-0-0 Nc5 12. f4 e4 13. Be3 Qe7 14. Be2 Bd7 15. h3 h5 16. Qf2 b6 17. Nb5 Bxb5 18. cxb5 Re8 19. Bxc5 bxc5 20. Qe3 Nd7 21. h4 Bd4 22. Qb3 Qg7 23. g3 Nb6 24. Nh3 c4 25. Bxc4 Nxc4 26. Qxc4 Bxb2+ 27. Kc2 Rb8 28. Ng5 Qd7 29. Kxb2 Rxb5+ 30. Ka1 Qg7+ 31. Qd4 Rb1+ 32. Kxb1 1-0

[Event "GBR-ch Seniors 50 108th"]
[Site "Torquay"]
[Date "2022.08.13"]
[Round "6"]
[White "Winter, Kevin"]
[Black "McCarron, Peter DJ"]
[Result "1/2-1/2"]
[WhiteElo "1689"]
[BlackElo "1616"]
[PlyCount "29"]
[EventDate "2022.08.08"]
[EventType "swiss"]
[EventRounds "7"]
[EventCountry "ENG"]
[SourceTitle "EXT 2024"]
[Source "ChessBase"]
[SourceDate "2023.10.10"]
[SourceVersion "1"]
[SourceVersionDate "2023.10.10"]
[SourceQuality "1"]

1. e4 d5 2. exd5 Qxd5 3. Nc3 Qd6 4. d4 c6 5. Nf3 Nf6 6. Bc4 Bg4 7. Be3 e6 8. h3 Bxf3 9. Qxf3 Qc7 10. 0-0 Bd6 11. a3 Nbd7 12. b4 a6 13. Bd3 0-0 14. Qd1 Rfe8 15. Nb1 1/2-1/2

[Event "Leamington Spa 4NCL op-B 28th"]
[Site "Leamington Spa"]
[Date "2022.07.10"]
[Round "4"]
[White "Winter, Kevin"]
[Black "McMorran, Richard"]
[Result "1-0"]
[WhiteElo "1751"]
[BlackElo "1688"]
[PlyCount "29"]
[EventDate "2022.07.08"]
[EventType "swiss"]
[EventRounds "5"]
[EventCountry "ENG"]
[SourceTitle "CBM 209 Extra"]
[Source "ChessBase"]
[SourceDate "2022.09.30"]
[SourceVersion "1"]
[SourceVersionDate "2022.09.30"]
[SourceQuality "1"]

1. e4 c5 2. Nc3 e6 3. Bc4 a6 4. a4 Nc6 5. d3 g6 6. f4 Nge7 7. Nf3 Bg7 8. 0-0 0-0 9. Ba2 d5 10. Qe1 dxe4 11. dxe4 e5 12. fxe5 Nxe5 13. Nxe5 Bxe5 14. Bg5 Be6 15. Nd5 1-0

[Event "Daventry 4NCL Easter op-B 2nd"]
[Site "Daventry"]
[Date "2022.04.17"]
[Round "5"]
[White "Winter, Kevin"]
[Black "Fisher, Neal"]
[Result "1/2-1/2"]
[WhiteElo "1760"]
[BlackElo "1732"]
[PlyCount "24"]
[EventDate "2022.04.15"]
[EventType "swiss"]
[EventRounds "7"]
[EventCountry "ENG"]
[SourceTitle "CBM 207 Extra"]
[Source "ChessBase"]
[SourceDate "2022.05.31"]
[SourceVersion "1"]
[SourceVersionDate "2022.05.31"]
[SourceQuality "1"]

1. e4 e5 2. f4 d6 3. Nf3 Nf6 4. Nc3 c6 5. fxe5 dxe5 6. Bc4 Bc5 7. Qe2 0-0 8. Na4 Bd6 9. Nc3 Bc5 10. Na4 Bd6 11. Nc3 Bc5 12. Na4 Bd6 1/2-1/2

[Event "Harrogate 4NCL op-B 27th"]
[Site "Harrogate"]
[Date "2022.01.22"]
[Round "2"]
[White "Winter, Kevin"]
[Black "Jones, Neil T"]
[Result "0-1"]
[WhiteElo "1774"]
[BlackElo "1929"]
[PlyCount "126"]
[EventDate "2022.01.21"]
[EventType "swiss"]
[EventRounds "5"]
[EventCountry "ENG"]
[SourceTitle "CBM 206 Extra"]
[Source "ChessBase"]
[SourceDate "2022.03.31"]
[SourceVersion "1"]
[SourceVersionDate "2022.03.31"]
[SourceQuality "1"]

1. e4 c6 2. d4 d5 3. e5 c5 4. dxc5 e6 5. Nf3 Bxc5 6. Bd3 Ne7 7. 0-0 Nbc6 8. a3 Ng6 9. b4 Bb6 10. Re1 0-0 11. h4 f6 12. Bxg6 hxg6 13. Qd3 Nxe5 14. Nxe5 fxe5 15. Be3 e4 16. Qd2 Qxh4 17. Nc3 Rf5 18. Bxb6 axb6 19. Qe3 Rh5 20. Kf1 Qh1+ 21. Ke2 Qxg2 22. Rg1 Qf3+ 23. Qxf3 exf3+ 24. Kxf3 Kf7 25. Rg3 Bd7 26. Ke3 Rc8 27. Kd2 Rf5 28. f3 Rc4 29. Rag1 Rf6 30. Kd3 e5 31. Kd2 Bf5 32. b5 Rd6 33. Re1 Kf6 34. Rc1 Rd8 35. Ne2 d4 36. f4 e4 37. Rb3 e3+ 38. Ke1 Rxc2 39. a4 d3 40. Rxc2 dxc2 41. Rxe3 Rd1+ 42. Kf2 c1Q 43. Nxc1 Rxc1 44. Re8 Rc4 45. Rb8 Be4 46. Ra8 Bc2 47. a5 bxa5 48. Rxa5 Ra4 49. Rxa4 Bxa4 50. b6 Ke6 51. Ke3 Kd6 52. Kd4 Bc2 53. Kc3 Bf5 54. Kb4 Kc6 55. Ka5 Be4 56. Kb4 Kxb6 57. Kb3 Kc5 58. Kc3 b5 59. Kb3 b4 60. Kb2 Kc4 61. Ka2 Kc3 62. f5 gxf5 63. Ka1 Kc2 0-1

[Event "Basingstoke Spring Bank op U1825 2nd"]
[Site "Basingstoke"]
[Date "2019.05.27"]
[Round "6.1"]
[White "Goodfellow, Russell Robert"]
[Black "Winter, Kevin"]
[Result "1-0"]
[WhiteElo "1718"]
[BlackElo "1742"]
[PlyCount "51"]
[EventDate "2019.05.24"]
[EventType "swiss"]
[EventRounds "7"]
[EventCountry "ENG"]
[SourceTitle "EXT 2023"]
[Source "ChessBase"]
[SourceDate "2022.10.05"]
[SourceVersion "1"]
[SourceVersionDate "2022.10.05"]
[SourceQuality "1"]

1. e4 d6 2. d4 Nf6 3. Nc3 Nbd7 4. f3 e5 5. Nge2 c6 6. Be3 Be7 7. Qd2 Qa5 8. g4 exd4 9. Nxd4 Ne5 10. Be2 0-0 11. 0-0 Qd8 12. Rad1 Re8 13. h3 a6 14. f4 Ng6 15. g5 Nd7 16. Nf5 Ndf8 17. Nxe7+ Qxe7 18. f5 Ne5 19. Qxd6 Qxd6 20. Rxd6 g6 21. Bd4 gxf5 22. exf5 b5 23. Ne4 Nfd7 24. Rf2 Nc4 25. Rxd7 Rxe4 26. Rd8+ 1-0

[Event "Basingstoke Spring Bank op U1825 2nd"]
[Site "Basingstoke"]
[Date "2019.05.26"]
[Round "4.1"]
[White "Winter, Kevin"]
[Black "Bishop, Geoffrey L"]
[Result "1-0"]
[WhiteElo "1742"]
[BlackElo "1715"]
[PlyCount "101"]
[EventDate "2019.05.24"]
[EventType "swiss"]
[EventRounds "7"]
[EventCountry "ENG"]
[SourceTitle "EXT 2023"]
[Source "ChessBase"]
[SourceDate "2022.10.05"]
[SourceVersion "1"]
[SourceVersionDate "2022.10.05"]
[SourceQuality "1"]

1. e4 c5 2. d4 cxd4 3. c3 Nf6 4. e5 Nd5 5. Nf3 Nc6 6. Bc4 e6 7. 0-0 Nb6 8. Bb3 d6 9. cxd4 Be7 10. Qe2 0-0 11. Nc3 Bd7 12. Re1 a6 13. Bf4 d5 14. a3 Rc8 15. Bc2 Na5 16. Qd3 g6 17. Bh6 Re8 18. Qd1 Nac4 19. Qb1 Nxa3 20. bxa3 Rxc3 21. Bd2 Rc6 22. Ba5 Qc8 23. Bxg6 hxg6 24. Bxb6 Rc3 25. Ba5 Rxa3 26. Rxa3 Bxa3 27. Qd3 Be7 28. Qd2 Kg7 29. h4 Qc4 30. Rc1 Qa4 31. Rc7 Bd8 32. Qf4 Rh8 33. Ng5 Bxg5 34. Qxg5 Be8 35. Qf6+ Kg8 36. Rc8 Kh7 37. Bb6 Qd7 38. Rc7 Qb5 39. Bc5 Qb1+ 40. Kh2 Qf5 41. Rxb7 Qxf6 42. exf6 Bb5 43. Rxf7+ Kh6 44. g4 g5 45. h5 Be2 46. Bf8+ Rxf8 47. Rxf8 Kh7 48. Kg3 Bc4 49. f4 gxf4+ 50. Kxf4 Bb5 51. g5 1-0